000 00411nam a2200145Ia 4500
008 100415s9999 xx 000 0 und d
082 _b7431
100 _aTalbot,Lee.Merrian
245 _aStalking The Great Indian Khino
260 _aWASHINGTON
_c1957
_bNATIONAL GEOGRAPHIC SOCIETY
365 _b0
630 _aStalking The Great Indian Khino
730 _aStalking The Great Indian Khino
942 _cBOOK
999 _c590384
_d590381